| 000 | 00425nam a2200145 a 4500 | ||
|---|---|---|---|
| 001 | 1790 | ||
| 003 | CDMR | ||
| 005 | 20151016133602.0 | ||
| 008 | 130130s2009||||||||||||||||||||||||||||d | ||
| 040 |
_aCDMR _bcat _cCDMR |
||
| 110 | 2 |
_91342 _aAssociació de Publicacions Periòdiques en Català |
|
| 245 | 1 | 2 |
_aL'Anuari de l'Espai Català de Comunicació _b: crisi i transformació |
| 260 |
_aBarcelona _c2009 _bAPPEC |
||
| 942 |
_cMON _2udc |
||
| 999 |
_c1790 _d1790 |
||